[Event "CZE-chT2B 2223"]
[Site "Czech Republic"]
[Date "2023.03.26"]
[Round "11.8"]
[White "Mrkos, Miroslav"]
[Black "Moc, Matej"]
[Result "0-1"]
[WhiteElo "2032"]
[BlackElo "1802"]
[PlyCount "114"]
[EventDate "2022.10.16"]
[EventType "team-tourn"]
[EventRounds "11"]
[EventCountry "CZE"]
[SourceTitle "EXT 2024"]
[Source "ChessBase"]
[SourceDate "2023.10.10"]
[SourceVersion "1"]
[SourceVersionDate "2023.10.10"]
[SourceQuality "1"]
[WhiteTeam "Pankrac II"]
[BlackTeam "Kladno"]
[WhiteTeamCountry "CZE"]
[BlackTeamCountry "CZE"]

1. d4 d5 2. Bg5 Nf6 3. e3 Bf5 4. Nf3 e6 5. Nh4 Bg6 6. Nxg6 hxg6 7. Nd2 c5 8. c3 Nc6 9. Bd3 c4 10. Bc2 Bd6 11. f4 b5 12. Nf3 Be7 13. Ne5 Qc7 14. 0-0 0-0 15. Qb1 Nxe5 16. fxe5 Ng4 17. Bxe7 Qxe7 18. Qe1 f5 19. exf6 Rxf6 20. Qg3 Nh6 21. Rxf6 Qxf6 22. Qxg6 Qxg6 23. Bxg6 Rb8 24. a3 Ng4 25. Re1 a5 26. e4 Nf6 27. exd5 exd5 28. Re7 b4 29. axb4 axb4 30. Ra7 Kf8 31. Rf7+ Kg8 32. Re7 Kf8 33. Re1 bxc3 34. bxc3 Rb3 35. Rc1 Ke7 36. h3 Nd7 37. Bh5 Nb6 38. Bd1 Ra3 39. Kh2 Nc8 40. Bf3 Kd6 41. Kg3 Na7 42. Kg4 Nb5 43. Kg5 Nxc3 44. Kg6 Nb5 45. Kxg7 Nxd4 46. Rf1 Nxf3 47. gxf3 c3 48. h4 c2 49. h5 Rxf3 50. Rc1 Rg3+ 51. Kf6 Rg2 52. h6 Rh2 53. h7 Rxh7 54. Rxc2 Rh1 55. Kf5 Rf1+ 56. Kg4 d4 57. Kg3 Kd5 0-1

[Event "CZE-chT2C 1213"]
[Site "Czech Republic"]
[Date "2013.03.24"]
[Round "11.7"]
[White "Skala, Jaromir"]
[Black "Mrkos, Miroslav"]
[Result "1/2-1/2"]
[WhiteElo "2046"]
[BlackElo "2102"]
[PlyCount "107"]
[EventDate "2012.10.14"]
[EventType "team-tourn"]
[EventRounds "11"]
[EventCountry "CZE"]
[SourceTitle "EXT 2015"]
[Source "ChessBase"]
[SourceDate "2014.11.20"]
[SourceVersion "1"]
[SourceVersionDate "2014.11.20"]
[SourceQuality "1"]
[WhiteTeam "Kutna Hora"]
[BlackTeam "Pankrac II"]
[WhiteTeamCountry "CZE"]
[BlackTeamCountry "CZE"]

1. d4 Nf6 2. c4 c5 3. d5 b5 4. cxb5 a6 5. b6 d6 6. g3 Qxb6 7. Bg2 g6 8. Nc3 Bg7 9. e4 0-0 10. Nge2 a5 11. 0-0 Nbd7 12. Qc2 Ba6 13. Rd1 Rfb8 14. Rb1 Qa7 15. h3 Rb4 16. a3 Rb7 17. Be3 Qb8 18. f4 Bc4 19. Nc1 Bb3 20. Nxb3 Rxb3 21. Bf1 Rb7 22. Kf2 h6 23. Na4 Ne8 24. b3 Nc7 25. Kf3 Nb5 26. Bxb5 Rxb5 27. Qc4 Rb7 28. Qc2 Qc8 29. Kg2 Rab8 30. Qc4 Nf6 31. Bd2 Qd8 32. Bc3 Nh5 33. e5 Bh8 34. g4 Ng7 35. Rf1 Ne8 36. e6 fxe6 37. dxe6 Bxc3 38. Nxc3 Nf6 39. g5 Nh7 40. gxh6 Qf8 41. f5 gxf5 42. Kh2 Qf6 43. Rf3 Qe5+ 44. Kh1 Kh8 45. Ne2 Ng5 46. Nf4 Kh7 47. Rg3 Qe4+ 48. Qxe4 Nxe4 49. Rg7+ Kxh6 50. Rg6+ Kh7 51. Rbg1 a4 52. Rg7+ Kh8 53. R7g6 Kh7 54. Rg7+ 1/2-1/2

[Event "CZE-chT2C 1213"]
[Site "Czech Republic"]
[Date "2012.12.02"]
[Round "4.8"]
[White "Mrkos, Miroslav"]
[Black "Jelinek, Michal"]
[Result "1/2-1/2"]
[WhiteElo "2102"]
[BlackElo "1716"]
[PlyCount "68"]
[EventDate "2012.10.14"]
[EventType "team-tourn"]
[EventRounds "11"]
[EventCountry "CZE"]
[SourceTitle "EXT 2015"]
[Source "ChessBase"]
[SourceDate "2014.11.20"]
[SourceVersion "1"]
[SourceVersionDate "2014.11.20"]
[SourceQuality "1"]
[WhiteTeam "Pankrac II"]
[BlackTeam "Praha Oaza"]
[WhiteTeamCountry "CZE"]
[BlackTeamCountry "CZE"]

1. d4 d5 2. Nf3 Nf6 3. Bg5 e6 4. e3 Be7 5. Nbd2 Nbd7 6. Bd3 h6 7. Bh4 0-0 8. 0-0 c5 9. c3 c4 10. Bc2 b5 11. Ne5 Bb7 12. f4 a5 13. Ndf3 b4 14. Nxd7 Nxd7 15. Bxe7 Qxe7 16. Ne5 Nxe5 17. fxe5 f6 18. exf6 Rxf6 19. Qh5 Raf8 20. Rf3 Rxf3 21. gxf3 Qf6 22. f4 Bc6 23. Bg6 bxc3 24. bxc3 Rb8 25. Rb1 Rxb1+ 26. Bxb1 Kf8 27. Bg6 Ba4 28. Kf2 Ke7 29. Kg3 Bd1 30. Qh4 Qxh4+ 31. Kxh4 Kf6 32. Bb1 Be2 33. Bc2 Bd3 34. Bd1 Be4 1/2-1/2

[Event "CZE-chT2B 0910"]
[Site "Czech Republic"]
[Date "2010.02.28"]
[Round "8.8"]
[White "Horinek, Karel"]
[Black "Mrkos, Miroslav"]
[Result "1-0"]
[WhiteElo "2050"]
[BlackElo "2077"]
[PlyCount "153"]
[EventDate "2009.10.18"]
[EventType "team-tourn"]
[EventRounds "11"]
[EventCountry "CZE"]
[SourceTitle "EXT 2012"]
[Source "ChessBase"]
[SourceDate "2011.11.24"]
[SourceVersion "1"]
[SourceVersionDate "2011.11.24"]
[SourceQuality "1"]
[WhiteTeam "Neratovice"]
[BlackTeam "Pankrac II"]
[WhiteTeamCountry "CZE"]
[BlackTeamCountry "CZE"]

1. e4 Nf6 2. e5 Ng8 3. d4 d6 4. Bd3 dxe5 5. dxe5 Nc6 6. f4 Nh6 7. Nf3 Bf5 8. 0-0 e6 9. Be3 Bxd3 10. cxd3 Ng4 11. Bf2 Nxf2 12. Kxf2 Bc5+ 13. Kg3 0-0 14. Nc3 Ne7 15. Qe2 Nf5+ 16. Kh3 h5 17. Ne4 Be7 18. Rad1 Qd5 19. Nc3 Qd7 20. g3 Bc5 21. Ne4 Be7 22. Kg2 c5 23. Rd2 Rfd8 24. h3 Qc6 25. g4 hxg4 26. hxg4 Nd4 27. Nxd4 Rxd4 28. Qf3 Rad8 29. Rfd1 Kf8 30. g5 Ke8 31. b3 Kd7 32. Qh5 g6 33. Qh7 Rf8 34. Kf2 Kc7 35. Ke3 Qe8 36. Qh1 Qd7 37. Rc2 b6 38. a3 Rd8 39. Rc3 a5 40. Qf3 Rh8 41. Rdc1 Kb8 42. Ng3 c4 43. bxc4 Bc5 44. Kd2 Rh2+ 45. Ne2 Qe8 46. Rb3 Rd8 47. Rcb1 Ka7 48. Kc3 Qd7 49. Kd2 Rf2 50. Qe4 Rh8 51. Rh1 Rxh1 52. Qxh1 a4 53. Rc3 Qd4 54. Qe4 Qd7 55. Ke1 Rh2 56. d4 Be7 57. d5 Bc5 58. Nd4 exd5 59. cxd5 Qg4 60. Ne2 Rxe2+ 61. Qxe2 Qxf4 62. Rf3 Qh4+ 63. Kd2 Qxg5+ 64. Kc2 f5 65. exf6 Qxd5 66. Qd3 Qa2+ 67. Kd1 Qa1+ 68. Ke2 Qe5+ 69. Kf1 Qa1+ 70. Kg2 Qg1+ 71. Kh3 Qh1+ 72. Kg3 Qg1+ 73. Kf4 Qh2+ 74. Ke4 Qh4+ 75. Kd5 Qh5+ 76. Kc6 Qh7 77. f7 1-0

[Event "CZE-chT2A 0809"]
[Site "Czech Republic"]
[Date "2008.11.09"]
[Round "2.8"]
[White "Palkova, Hana"]
[Black "Mrkos, Miroslav"]
[Result "1/2-1/2"]
[WhiteElo "2002"]
[BlackElo "2096"]
[PlyCount "129"]
[EventDate "2008.10.12"]
[EventType "team-tourn"]
[EventRounds "11"]
[EventCountry "CZE"]
[SourceTitle "EXT 2010"]
[Source "ChessBase"]
[SourceDate "2010.11.25"]
[SourceVersion "1"]
[SourceVersionDate "2010.11.25"]
[SourceQuality "1"]
[WhiteTeam "Plzen Sokol II"]
[BlackTeam "Praha Pankrac II"]
[WhiteTeamCountry "CZE"]
[BlackTeamCountry "CZE"]

1. d4 Nf6 2. c4 c5 3. d5 b5 4. cxb5 a6 5. bxa6 g6 6. g3 d6 7. Bg2 Bg7 8. e4 0-0 9. Ne2 Bxa6 10. 0-0 Nbd7 11. Nbc3 Ng4 12. h3 Nge5 13. Qc2 Qb6 14. Rd1 Rfb8 15. Rb1 c4 16. Be3 Qa5 17. Nd4 Bb7 18. b4 cxb3 19. Rxb3 Nc4 20. Rb5 Nxe3 21. fxe3 Qc7 22. Rdb1 Bh6 23. Qd2 Ne5 24. Nd1 Ba6 25. Rxb8+ Rxb8 26. Rxb8+ Qxb8 27. a4 Qb1 28. Qc2 Qb4 29. Nc6 Qe1+ 30. Kh2 Be2 31. Nxe5 dxe5 32. Nc3 Ba6 33. Nb5 Bxe3 34. h4 Bf2 35. d6 Bxg3+ 36. Kh3 Bxh4 37. Qc3 exd6 38. Qxe1 Bxe1 39. Nxd6 Kf8 40. Nb5 Bc8+ 41. Kh2 Bd7 42. Bf1 Ba5 43. Bc4 Ke7 44. Kg3 f5 45. exf5 gxf5 46. Bd5 Be1+ 47. Kf3 h5 48. Ke2 Ba5 49. Kf3 h4 50. Kg2 e4 51. Bb3 Kf6 52. Nd6 Kg5 53. Nc4 Bc7 54. a5 Bc6 55. a6 f4 56. Nd2 Kf5 57. Bc2 Ke5 58. Bxe4 Bxe4+ 59. Nxe4 Bb6 60. Nd2 Kf5 61. Kh3 Bf2 62. Nf3 Ba7 63. Nxh4+ Ke4 64. Kg2 Ke3 65. Nf3 1/2-1/2

[Event "CZE-chT2c 0607"]
[Site "Czech Republic"]
[Date "2007.04.15"]
[Round "11.6"]
[White "Mrkos, Miroslav"]
[Black "Paldus, Petr"]
[Result "0-1"]
[WhiteElo "2131"]
[BlackElo "2102"]
[PlyCount "70"]
[EventDate "2006.10.15"]
[EventType "team"]
[EventRounds "11"]
[EventCountry "CZE"]
[SourceTitle "EXT 2008"]
[Source "ChessBase"]
[SourceDate "2007.11.25"]
[SourceVersion "1"]
[SourceVersionDate "2007.11.25"]
[SourceQuality "1"]
[WhiteTeam "Praha Pankrac II"]
[BlackTeam "Liberec"]
[WhiteTeamCountry "CZE"]
[BlackTeamCountry "CZE"]

1. d4 d5 2. Nf3 c6 3. c3 Nf6 4. Bg5 h6 5. Bf4 Qb6 6. Qc1 g5 7. Bg3 Ne4 8. Be5 f6 9. Bxb8 Rxb8 10. Nbd2 e5 11. e3 Nxd2 12. Nxd2 e4 13. Be2 g4 14. Qc2 Be6 15. 0-0-0 Qa5 16. Kb1 b5 17. b4 Qc7 18. f3 f5 19. Rdf1 Be7 20. fxg4 fxg4 21. Nb3 Rf8 22. h3 Rxf1+ 23. Rxf1 gxh3 24. gxh3 Qg3 25. Bh5+ Kd7 26. Nc5+ Bxc5 27. dxc5 Qxe3 28. Kb2 Rg8 29. Bg4 Bxg4 30. hxg4 Rxg4 31. Qh2 Rg3 32. Rc1 d4 33. Rc2 d3 34. Rf2 Ke6 35. Kb3 d2 0-1

[Event "CZE-chT2c 0607"]
[Site "Czech Republic"]
[Date "2007.03.11"]
[Round "9.6"]
[White "Mrkos, Miroslav"]
[Black "Vrkota, Milos"]
[Result "1-0"]
[WhiteElo "2131"]
[BlackElo "2074"]
[PlyCount "51"]
[EventDate "2006.10.15"]
[EventType "team"]
[EventRounds "11"]
[EventCountry "CZE"]
[SourceTitle "EXT 2008"]
[Source "ChessBase"]
[SourceDate "2007.11.25"]
[SourceVersion "1"]
[SourceVersionDate "2007.11.25"]
[SourceQuality "1"]
[WhiteTeam "Praha Pankrac II"]
[BlackTeam "Kolin"]
[WhiteTeamCountry "CZE"]
[BlackTeamCountry "CZE"]

1. Nf3 d5 2. d4 Nf6 3. Bg5 Ne4 4. h4 c6 5. Nbd2 Qb6 6. Nxe4 dxe4 7. Nd2 Qxd4 8. c3 Qe5 9. e3 f5 10. Qb3 b5 11. Bf4 Qe6 12. Qc2 Na6 13. g4 g6 14. a4 Bd7 15. axb5 cxb5 16. gxf5 gxf5 17. Nb3 Bg7 18. Be2 0-0 19. Nd4 Qb6 20. Rg1 Kh8 21. 0-0-0 Rac8 22. Rxg7 Kxg7 23. Be5+ Rf6 24. Qb3 Nc5 25. Rg1+ Kh8 26. Qf7 1-0

[Event "CZE-chT2c 0607"]
[Site "Czech Republic"]
[Date "2006.11.05"]
[Round "2.6"]
[White "Buchar, Petr"]
[Black "Mrkos, Miroslav"]
[Result "0-1"]
[WhiteElo "2101"]
[BlackElo "2131"]
[PlyCount "82"]
[EventDate "2006.10.15"]
[EventType "team"]
[EventRounds "11"]
[EventCountry "CZE"]
[SourceTitle "EXT 2008"]
[Source "ChessBase"]
[SourceDate "2007.11.25"]
[SourceVersion "1"]
[SourceVersionDate "2007.11.25"]
[SourceQuality "1"]
[WhiteTeam "Vrchlabi"]
[BlackTeam "Praha Pankrac II"]
[WhiteTeamCountry "CZE"]
[BlackTeamCountry "CZE"]

1. f4 Nf6 2. Nf3 g6 3. g3 Bg7 4. Bg2 0-0 5. d3 c5 6. 0-0 Nc6 7. c3 d6 8. e4 Rb8 9. h3 b5 10. e5 Ne8 11. d4 cxd4 12. cxd4 d5 13. Nc3 b4 14. Ne2 Ba6 15. Be3 Na5 16. b3 Nc7 17. g4 e6 18. f5 exf5 19. gxf5 gxf5 20. Rf2 Bxe2 21. Qxe2 Ne6 22. Nh2 Nc6 23. Rd1 Ne7 24. Qh5 Rb6 25. Rdf1 f6 26. Nf3 f4 27. Bd2 Ng6 28. Nh2 fxe5 29. dxe5 Bxe5 30. Kh1 Ng7 31. Qf3 Rb5 32. Qd3 a6 33. Ng4 Nh5 34. Re1 Ng3+ 35. Kg1 Bc7 36. Kh2 Qd6 37. Qd4 h5 38. Nh6+ Kh7 39. Bxf4 Nxf4 40. Rxf4 Rxf4 41. Qd3+ Kxh6 0-1

[Event "CZE-chT2 9899"]
[Site "Czech Republic"]
[Date "1999.??.??"]
[Round "?"]
[White "Mrkos, Miroslav"]
[Black "Benes, Petr"]
[Result "1/2-1/2"]
[WhiteElo "2120"]
[BlackElo "2230"]
[PlyCount "128"]
[EventDate "1998.??.??"]
[EventType "team"]
[EventRounds "11"]
[EventCountry "CZE"]
[SourceTitle "EXT 2000"]
[Source "ChessBase"]
[SourceDate "1999.11.16"]
[SourceVersion "1"]
[SourceVersionDate "1999.11.16"]
[SourceQuality "1"]

1. c4 Nf6 2. Nc3 c6 3. e4 d6 4. d4 Qa5 5. f3 e5 6. Be3 Be7 7. Nge2 Nbd7 8. Qd2 Nf8 9. a3 Qc7 10. Rc1 Ng6 11. b4 0-0 12. Ng3 a5 13. Bd3 axb4 14. axb4 d5 15. Nce2 dxc4 16. Bxc4 Ra4 17. Rb1 Qd6 18. Qc2 Rxb4 19. Rd1 exd4 20. Nxd4 Qc5 21. Rc1 Qe5 22. 0-0 Nf4 23. Ndf5 Bxf5 24. Nxf5 Bc5 25. Bxf7+ Rxf7 26. Qxc5 Qxc5 27. Rxc5 Ne6 28. Ra5 Rd7 29. Raa1 c5 30. Rab1 Rxb1 31. Rxb1 g6 32. Rb6 Kf7 33. Nd6+ Ke7 34. Nxb7 Rc7 35. Na5 Nd7 36. Rb7 Rc8 37. Nc4 Kd8 38. Rxd7+ Kxd7 39. Nb6+ Kc7 40. Nxc8 Kxc8 41. Kf2 Kc7 42. f4 Kd6 43. g4 c4 44. h4 Nd8 45. Ke2 Nf7 46. Bd4 Ke7 47. Ke3 Nh6 48. Kf3 Nf7 49. Bg7 Nd6 50. Ke3 Nb5 51. Bb2 Kf7 52. Bh8 Kg8 53. Be5 Kf7 54. f5 Na3 55. Kd4 Nc2+ 56. Kc3 Ne3 57. fxg6+ Kxg6 58. g5 Kh5 59. Bf6 Ng2 60. Kxc4 Nxh4 61. Kd5 Nf3 62. Bd8 h6 63. gxh6 Kxh6 64. Ke6 Nd2 1/2-1/2

[Event "CZE-chT2 9899"]
[Site "Czech Republic"]
[Date "1998.??.??"]
[Round "?"]
[White "Kopta, Pavel"]
[Black "Mrkos, Miroslav"]
[Result "1-0"]
[WhiteElo "2180"]
[BlackElo "2120"]
[PlyCount "59"]
[EventDate "1998.??.??"]
[EventType "team"]
[EventRounds "11"]
[EventCountry "CZE"]
[SourceTitle "EXT 2000"]
[Source "ChessBase"]
[SourceDate "1999.11.16"]
[SourceVersion "1"]
[SourceVersionDate "1999.11.16"]
[SourceQuality "1"]

1. d4 Nf6 2. c4 c5 3. d5 b5 4. Qc2 bxc4 5. e4 d6 6. Bxc4 g6 7. Nf3 Bg7 8. 0-0 0-0 9. Nc3 a5 10. Rb1 Nbd7 11. Re1 Ba6 12. b3 Ng4 13. Bb2 Nge5 14. Nxe5 Nxe5 15. Bxa6 Rxa6 16. Na4 Qa8 17. Rbd1 Rb8 18. f4 Nd7 19. Bxg7 Kxg7 20. e5 Nb6 21. Nxb6 Raxb6 22. exd6 exd6 23. f5 Re8 24. f6+ Kg8 25. Qd2 Re5 26. Rxe5 dxe5 27. d6 Qd8 28. Qxa5 Rb8 29. Qxd8+ Rxd8 30. d7 1-0

[Event "CZE-chT2 9798"]
[Site "Czech Republic"]
[Date "1997.??.??"]
[Round "1.7"]
[White "Benes, Petr"]
[Black "Mrkos, Miroslav"]
[Result "1/2-1/2"]
[WhiteElo "2230"]
[BlackElo "2120"]
[PlyCount "61"]
[EventDate "1997.??.??"]
[EventType "team"]
[EventRounds "11"]
[EventCountry "CZE"]
[SourceTitle "EXT 1999"]
[Source "ChessBase"]
[SourceDate "1998.11.16"]
[SourceVersion "1"]
[SourceVersionDate "1998.11.16"]
[SourceQuality "1"]

1. e4 c5 2. Nf3 e6 3. d4 cxd4 4. Nxd4 a6 5. c4 Qc7 6. Nc3 Nf6 7. Nc2 b6 8. Qe2 d6 9. g3 Bb7 10. Bg2 Be7 11. 0-0 0-0 12. Rd1 Nbd7 13. Ne3 Rac8 14. Bd2 Qb8 15. Rac1 Qa8 16. f3 Rfd8 17. Be1 Nf8 18. Bf2 Ng6 19. Rc2 Bc6 20. Rcd2 Qb7 21. Bf1 Rb8 22. Nc2 b5 23. cxb5 Bxb5 24. Nxb5 axb5 25. Nd4 b4 26. Nb5 d5 27. e5 Nd7 28. Bd4 Bc5 29. f4 Ne7 30. Rc1 Bxd4+ 31. Rxd4 1/2-1/2